LEADER 00867nam2-22003011i-450- 001 990005789890403321 005 20080519130839.0 035 $a000578989 035 $aFED01000578989 035 $a(Aleph)000578989FED01 035 $a000578989 100 $a19990604d1954----km-y0itay50------ba 101 1 $aita$alat 105 $ayf------00--- 200 1 $aSamuele$fa cura di D. Gino Bressan 210 $aTorino$cMarietti$d1954 215 $aXVI, 739 p., 15 tav.$d26 cm 461 0$1001000579358$12001$a<>Sacra Bibbia 500 11$aBibbia.$iVecchio Testamento.$iSamuele$m$955323 676 $a220.77 702 1$aBressan,$bLuigi 801 0$aIT$bUNINA$gRICA$2UNIMARC 901 $aBK 912 $a990005789890403321 952 $a220.77 GAR 1 (8)$bBIBL. 27320$fFLFBC 959 $aFLFBC 996 $aBibbia$955323 997 $aUNINA LEADER 01466cam--2200409---450- 001 990001699550203316 005 20121219121834.0 035 $a000169955 035 $aUSA01000169955 035 $a(ALEPH)000169955USA01 035 $a000169955 100 $a20040526d1979----km-y0itay50------ba 101 0 $aita$agrc 102 $aIT 105 $aaf||z|||001yy 200 1 $aDialetti e interazione sociale in Magna Grecia$elineamenti di una storia linguistica attraverso la documentazione epigrafica$fAddolorata Landi 210 $aNapoli$cGiannini$d1979 215 $a349 p., LXXXVII p. di tav.$cill.$d24 cm$e1 fascicolo (7 p.) 225 2 $aUniversità di Napoli, Centro di studi per la Magna Grecia$v4 410 0$12001$aUniversità di Napoli, Centro di studi per la Magna Grecia$v4 606 0 $aDialetti greci$xMagna Grecia$2BNCF 676 $a487 700 1$aLANDI,$bAddolorata$0158809 801 0$aIT$bsalbc$gISBD 912 $a990001699550203316 951 $aV.1.D. 180(VIII C Coll. 142/4)$b91452 L.M.$cV.1. 951 $aXV.8. 592$b223147 L.M.$cXV.8. 959 $aBK 969 $aUMA 969 $aFSO 979 $aSIAV2$b10$c20040526$lUSA01$h1206 979 $aCOPAT6$b90$c20051111$lUSA01$h1258 979 $aCOPAT6$b90$c20070620$lUSA01$h1432 979 $aCOPAT6$b90$c20070620$lUSA01$h1433 979 $aANNAMARIA$b90$c20121219$lUSA01$h1218 996 $aDialetti e interazione sociale in Magna Grecia$9175312 997 $aUNISA